Black River (Record no. 41434)

MARC details
000 -LEADER
fixed length control field 00358nam a2200133Ia 4500
008 - FIXED-LENGTH DATA ELEMENTS--GENERAL INFORMATION
fixed length control field 240719s9999 xx 000 0 und d
041 ## - LANGUAGE CODE
Language code of text/sound track or separate title eng
082 ## - DEWEY DECIMAL CLASSIFICATION NUMBER
Classification number 823 ROY
100 ## - MAIN ENTRY--PERSONAL NAME
Personal name Nilanjana S.
245 ## - TITLE STATEMENT
Title Black River
260 ## - PUBLICATION, DISTRIBUTION, ETC.
Place of publication, distribution, etc. Chennai
Name of publisher, distributor, etc. Nasadiya Technologies Pvt. Ltd
Date of publication, distribution, etc. 2022
300 ## - PHYSICAL DESCRIPTION
Extent 350.; P. 22 Cm
520 ## - SUMMARY, ETC.
Summary, etc. Faculty Purchase By Dr. Jitendra Sharma
Holdings
Withdrawn status Lost status Damaged status Not for loan Home library Current library Shelving location Date acquired Source of acquisition Cost, normal purchase price Total Checkouts Full call number Barcode Date last seen Date last checked out Price effective from Koha item type
        IMTN IMTN Rack 38-B 07/08/2023 Amazon 499.00 1 823 ROY 33129 08/08/2024 07/29/2024 05/18/2023 Books
Designed & Maintained by: LRC IMT Nagpur Contact: lrc@imtnag.ac.in© 2024. All Rights Reserved.